000 00580nam a2200193Ia 4500
003 GCL
008 140319s9999 xx 000 0 ara d
040 _aGCL /
_cGCL
082 0 4 _a001.6424
_bا ا
100 1 _aاسامة الحسينى
245 1 0 _aاوتوكاد AUTO CAD /
_cاسامة الحسينى
260 _a[S.N] :
_bدار الراتب الجامعية
300 _a416 ص
490 _a
650 0 4 _aالحاسبات الالكترونية
650 0 4 _aاوتوكاد
650 0 4 _aالحاسبات الالكترونية - برامج
942 _2ddc
_cBK
999 _c54936
_d54936